000 00467nam a22001697a 4500
005 20251108165322.0
008 250721s1963 xx 000 0 ara d
082 1 4 _a956.62/س
100 1 _aسالم، السيد مصطفى
245 1 0 _aتكوين اليمن الحديث /
264 1 _aالقاهرة :
_bالمطبعه العالميه،
_c1963.
300 _a582ص
650 1 7 _aاليمن
650 1 7 _aالتاريخ
942 _2ddc
_cBK
999 _c24969
_d24969